|
|
|
|
| LEADER |
00000nam a2200000 i 4500 |
| 001 |
ELB152313 |
| 003 |
FINmELB |
| 006 |
m o d | |
| 007 |
cr cnu|||||||| |
| 008 |
160714t20162016enka ob 001 0 eng d |
| 020 |
|
|
|z 9781443890601
|
| 020 |
|
|
|a 9781443896405
|q (e-book)
|
| 035 |
|
|
|a (OCoLC)952337224
|
| 040 |
|
|
|a FINmELB
|b eng
|e rda
|c FINmELB
|
| 050 |
|
4 |
|a N5020
|b .G669 2016
|
| 082 |
0 |
|
|a 700
|2 23
|
| 100 |
1 |
|
|a Gonzalez, Laura,
|e author.
|
| 245 |
1 |
0 |
|a Make me yours :
|b how art seduces /
|c by Laura González.
|
| 264 |
|
1 |
|a Newcastle upon Tyne, England :
|b Cambridge Scholars Publishing,
|c 2016.
|
| 264 |
|
4 |
|c ©2016
|
| 300 |
|
|
|a 1 online resource (244 pages) :
|b illustrations
|
| 336 |
|
|
|a text
|2 rdacontent
|
| 337 |
|
|
|a computer
|2 rdamedia
|
| 338 |
|
|
|a online resource
|2 rdacarrier
|
| 504 |
|
|
|a Includes bibliographical references and index.
|
| 588 |
|
|
|a Description based on metadata supplied by the publisher and other sources.
|
| 590 |
|
|
|a Electronic reproduction. Santa Fe, Arg.: elibro, 2020. Available via World Wide Web. Access may be limited to eLibro affiliated libraries.
|
| 650 |
|
0 |
|a Art
|v Exhibitions.
|
| 650 |
|
0 |
|a Art
|x Expertising
|v Exhibitions.
|
| 655 |
|
4 |
|a Electronic books.
|
| 776 |
0 |
8 |
|i Print version:
|a González, Laura.
|t Make me yours : how art seduces.
|d Newcastle upon Tyne, England : Cambridge Scholars Publishing, c2016
|h xix, 224 pages
|z 9781443890601
|
| 797 |
2 |
|
|a elibro, Corp.
|
| 856 |
4 |
0 |
|u https://elibro.uam.elogim.com/ereader/bidiuam/152313
|z Texto completo
|